Professional Care Giude Neoplastic disorders. (Record no. 3355)

000 -LEADER
fixed length control field 00941cam a2200313 a 4500
001 - CONTROL NUMBER
control field 2842512
003 - CONTROL NUMBER IDENTIFIER
control field OSt
005 - DATE AND TIME OF LATEST TRANSACTION
control field 20220125073210.0
008 - FIXED-LENGTH DATA ELEMENTS--GENERAL INFORMATION
fixed length control field 841105s1985 paua b 001 0 eng c
010 ## - LIBRARY OF CONGRESS CONTROL NUMBER
LC control number 84023627
020 ## - INTERNATIONAL STANDARD BOOK NUMBER
International Standard Book Number 0916730735 :
Terms of availability $19.95
040 ## - CATALOGING SOURCE
Original cataloging agency DNLM/DLC
Transcribing agency DLC
Modifying agency DLC
050 00 - LIBRARY OF CONGRESS CALL NUMBER
Classification number RC266
Item number .N46 1995
060 ## - NATIONAL LIBRARY OF MEDICINE CALL NUMBER
Classification number QZ 200 N4395
082 00 - DEWEY DECIMAL CLASSIFICATION NUMBER
Classification number 616.99/4
Edition number 19
245 00 - TITLE STATEMENT
Title Professional Care Giude Neoplastic disorders.
260 ## - PUBLICATION, DISTRIBUTION, ETC.
Place of publication, distribution, etc. Springhouse, Pa. :
Name of publisher, distributor, etc. Springhouse Corp.,
Date of publication, distribution, etc. c1995.
300 ## - PHYSICAL DESCRIPTION
Extent 296 p. :
Other physical details ill. col. ;
Dimensions 29 cm.
440 #0 - SERIES STATEMENT/ADDED ENTRY--TITLE
Title Nurse's clinical library.
500 ## - GENERAL NOTE
General note "Nursing85 books."
500 ## - GENERAL NOTE
General note Includes index.
504 ## - BIBLIOGRAPHY, ETC. NOTE
Bibliography, etc. note Bibliography: p. 187.
650 #0 - SUBJECT ADDED ENTRY--TOPICAL TERM
Topical term or geographic name entry element Cancer.
650 #0 - SUBJECT ADDED ENTRY--TOPICAL TERM
Topical term or geographic name entry element Cancer
General subdivision Nursing.
650 #2 - SUBJECT ADDED ENTRY--TOPICAL TERM
Topical term or geographic name entry element Neoplasms
General subdivision physiopathology
-- nurses' instruction.
650 #2 - SUBJECT ADDED ENTRY--TOPICAL TERM
Topical term or geographic name entry element Neoplasms
General subdivision therapy
-- nurses' instruction.
906 ## - LOCAL DATA ELEMENT F, LDF (RLIN)
a 7
b cbc
c orignew
d 1
e ocip
f 19
g y-gencatlg
942 ## - ADDED ENTRY ELEMENTS (KOHA)
Source of classification or shelving scheme
Koha item type Book
Holdings
Withdrawn status Lost status Source of classification or shelving scheme Damaged status Not for loan Permanent Location Current Location Shelving location Date acquired Source of acquisition Total Checkouts Full call number Barcode Date last seen Copy number Price effective from Koha item type Public note
          AU LIBRARY AU LIBRARY Open Shelf 11.11.2021 DONATION FROM MOI UNIVERSITY   RC266 .N46 1995 C1 28004642 11.11.2021 1 11.11.2021 Book CM
          AU LIBRARY AU LIBRARY Open Shelf 07.02.2022 DONATION FROM MOI UNIVERSITY   RC266 .N46 1995 C2 28005417 07.02.2022 2 07.02.2022 Book WO
          AU LIBRARY AU LIBRARY Open Shelf 07.02.2022 DONATION FROM MOI UNIVERSITY   RC266 .N46 1995 C3 28005412 07.02.2022 3 07.02.2022 Book WO
          AU LIBRARY AU LIBRARY Open Shelf 08.02.2022 DONATION FROM MOI UNIVERSITY   RC266 .N46 1995 C4 28005400 08.02.2022 4 08.02.2022 Book WO
          AU LIBRARY AU LIBRARY Open Shelf 08.02.2022 DONATION FROM MOI UNIVERSITY   RC266 .N46 1995 C5 28005397 08.02.2022 5 08.02.2022 Book WO

Powered by Koha